000 00562nam a22001937i 4500
001 4080
003 OSt
005 20170126082327.0
007 tu
008 161220s1998 xxu||||| |||| 00| 0 d
024 7 _a4079
_2RID
040 _cOSt
084 _a20.2
_a7.4
_2z
100 1 _aStiller, Silvia
245 0 0 _aKonsumeffekte demographischer Veränderungen - Eine Simulationsanalyse für die Bundesrepublik Deutschland
260 _aHamburg :
_bHWWA-Institut für Wirtschaftsforschung,Hamburg,
_c1998.
300 _a43 S. ;
_c30cm.
490 _aHWWA-Diskussionspapier
_v69
942 _cB
999 _c4009
_d4009